| 000 | 00755nam a2200217Ia 4500 | ||
|---|---|---|---|
| 008 | 130821s2011 ck a gr spa | ||
| 020 | _a978 958 99746 4 3 | ||
| 040 |
_aCo-BoUCM _bspa |
||
| 041 | 0 | 0 | _aspa |
| 100 | 1 |
_aBrito Ruiz, Myriam _9169838 |
|
| 245 | 1 | 0 |
_aPalabra, acción y creación _cMyriam Brito Ruiz y Maria Ruby Restrepo Betancur |
| 260 |
_aPereira (Risaralda, Colombia) _bCorporación Universitaria Libre _c2011 |
||
| 300 |
_a97 páginas _bilustraciones color |
||
| 650 |
_aDiscursos _913353 |
||
| 650 |
_aLingüística _918563 |
||
| 650 |
_aLiteratura _918599 |
||
| 650 |
_aOratoria _920798 |
||
| 700 | 1 |
_aRestrepo Betancur, Maria Ruby _932884 |
|
| 942 |
_cLIBRO _a18 _e1 _mB862p _2DEWEY _h801.955 |
||
| 999 |
_c77883 _d77883 |
||